Loading...
| History - European | 0 | 6 | 1 | 1 | 55 | 64 | 80.50 | 0 | 1 | 0.00 | 0.00 |
| History - World | 0 | 4 | 2 | 1 | 30 | 67 | 89.75 | 1 | 2 | 0.00 | 0.00 |
| Literature - British | 0 | 3 | 0 | 0 | 30 | 109 | 116.67 | 0 | 0 | 0.00 | 0.00 |
| History - Other | 0 | 3 | 2 | 0 | 20 | 86 | 95.67 | 0 | 0 | 0.00 | 0.00 |
| Religion | 0 | 2 | 0 | 0 | 20 | 74 | 86.00 | 0 | 1 | 0.00 | 0.00 |
| Science - Other | 0 | 2 | 0 | 0 | 20 | 58 | 64.00 | 0 | 2 | 0.00 | 0.00 |
| Current Events | 0 | 2 | 0 | 1 | 20 | 94 | 97.50 | 0 | 1 | 0.00 | 0.00 |
| Social Science | 0 | 1 | 0 | 0 | 10 | 98 | 98.00 | 0 | 0 | 0.00 | 0.00 |
| Geography | 0 | 1 | 0 | 0 | 10 | 65 | 65.00 | 0 | 1 | 0.00 | 0.00 |
| History - American | 0 | 1 | 0 | 0 | 10 | 116 | 116.00 | 0 | 0 | 0.00 | 0.00 |
| Philosophy | 0 | 1 | 0 | 0 | 10 | 92 | 92.00 | 0 | 0 | 0.00 | 0.00 |
| Mythology | 0 | 0 | 1 | 0 | -5 | 0.00 | 0 | 0 | 0.00 | 0.00 | |
| Science - Physics | 0 | 0 | 1 | 0 | -5 | 0.00 | 0 | 0 | 0.00 | 0.00 | |
| Literature - European | 0 | 0 | 1 | 0 | -5 | 0.00 | 0 | 0 | 0.00 | 0.00 |